000 00279nam a2200109Ia 4500
008 190216s9999||||xx |||||||||||||| ||und||
100 _aSakkariya
245 0 _aBhaskara Patalwerum Ende Jeevithavum
260 _bCurrent Books
650 _aMalayalam-Malayalam Essays
942 _cBK
999 _c26541
_d26541